| 000 | 01021nam a2200289 c 4500 | ||
|---|---|---|---|
| 001 | |||
| 003 | DO-SdBNP | ||
| 005 | 20240731085714.0 | ||
| 008 | 150119s2006 sp a ||| 000 1 spa | ||
| 015 | _a | ||
| 017 |
_a _b |
||
| 020 | _a9972209199 | ||
| 040 |
_aBPMSU _bspa _cBPMSU _e |
||
| 080 | _a | ||
| 082 | 4 |
_a808.83 _bF134s 2006 _222 |
|
| 245 | 0 | 0 |
_aFábulas de siempre _c |
| 260 |
_aBarcelona : _bLexus , _c2006 |
||
| 300 |
_a195 p.: _bil. ; _c28 cm |
||
| 336 |
_a _2 |
||
| 337 |
_a _2 |
||
| 505 | _aEl burro con piel de león -- El cuervo y el zorro -- El molinero -- El hijo y el burro -- El pastor mentiroso -- El ratón y el león -- La cigarra y la hormiga -- La gallina de los huevos de oro -- La lechera -- La liebre y la tortuga -- El zorro y la cigüeña -- Las gallinas gordas y las flacas... y mucho más... | ||
| 590 | _aInventariado, 2024/VM | ||
| 650 | 4 |
_aFábulas _vColecciones |
|
| 650 | 4 |
_aAnimales _vFábulas | |
|
| 910 | _aVMateo V. Control de calidad. BPMSU | ||
| 942 |
_2ddc _cBK |
||
| 999 |
_c12452 _d12452 |
||